000 02275 a2200373 4500
005 20140515105724.0
008 140226s2009 xx g q mlmul d
040 _aCO-BoUCM
_bspa
_cOscar Anaya
_dHenry Ríos
041 _aeng
041 _aspa
092 _aDVD 1305
245 0 0 _aTrue blood
_cAlan Ball, director
_h[DVD]
260 _a[Lugar desconocido]
_b Home Box Office (HBO)
_c2009
300 _a5 DVD, 300 minutos
_bimagen, sonido, color
500 _aSINOPSIS: La serie sigue a Sookie Stackhouse, una camarera que vive en Louisiana, que puede leer la mente de las personas, y cómo su vida da un vuelco cuando el proyecto de ley del vampiro, entra en su lugar de empleo dos años después de los vampiros 'salió del ataúd "en la televisión nacional
505 0 _aDisco 1. -- Strange love. -- The first taste
_rBall, Alan. -- Winant, Scott
505 0 _aDisco 2. -- Mine. -- Escape from dragon house
_rBall, Alan. -- Buckner, Brian. -- Dahl, John. -- Lehmann, Michael
505 0 _aDisco 3. -- Sparks fly out. -- Cold ground. -- Burning house of love
_rWoo., Alexander. -- Minahan, Daniel. -- Tucker, Raelle. -- Gomez, Nick. -- Offutt, Chris. -- Siega, Marcos
505 0 _aDisco 4. -- The fourth man in the fire. -- Plaisir d´Amour. -- I don´t wanna know
_rWoo., Alexander. -- Lehmann, Michael. -- Buckner, Brian. -- Hemingway, Anthony M. -- Offutt, Chris. -- Winant, Scott
505 0 _aDisco 5. -- To love is to bury. -- You´ll be the death of me
_rOliver, Nancy. -- Tucker, Raelle. -- Ball, Alan
508 _aCRÉDITOS: Dirigida por Alan Ball; música por Nathan Barr; diseño de producción Suzuki Ingerslev; dirección de arte Catherine Smith
546 _aAudio en inglés, español y francés. Subtítulos en inglés, español, francés y portugués
650 7 _aDrama
_vDVD
_957413
650 7 _aMisterio
_vDVD
_957414
650 7 _aProgramas de televisión
_zEstados Unidos
_vDVD
_957409
650 7 _aTeleseries
_vDVD
_957415
650 7 _aTerror
_vDVD
_957416
650 7 _aVampiros
_vDVD
_957417
690 _942805
_aEntretenimiento
700 1 _aBall, Alan
_edirector
_957352
710 2 _a Home Box Office (HBO
_956766
710 2 _aYour Face Goes Here Entertainment
_957353
942 _2LOCAL
_a11
_cMULTIMEDIA
_e1
_hDVD 1305
999 _c239560
_d239560